Завтра была война: роман, повести, рассказ; И был вечер, и было утро; Встречный бой; Неопалимая купина; Завтра была война; Жила-была Клавочка; Вы чье, старичье?
| 第一著者: | |
|---|---|
| 言語: | ロシア語 |
| 出版事項: |
Москва, АСТ-Пресс, 1994
|
| TOC: | И был вечер, и было утро; Встречный бой; Неопалимая купина; Завтра была война; Жила-была Клавочка; Вы чье, старичье?; |
| シリーズ: | Новая русская классика |
| 主題: | |
| フォーマット: | 図書 |
| KOHA link: | https://koha.lib.tpu.ru/cgi-bin/koha/opac-detail.pl?biblionumber=120601 |
MARC
| LEADER | 00000nam0a2200000 4500 | ||
|---|---|---|---|
| 001 | 120601 | ||
| 005 | 20231101215624.0 | ||
| 010 | |a 5214000383 | ||
| 020 | |a RU |b 91-36363 | ||
| 035 | |a (RuTPU)RU\TPU\book\130591 | ||
| 035 | |a RU\TPU\book\121927 | ||
| 090 | |a 120601 | ||
| 100 | |a 20070901d1994 e y0rusy5003 ca | ||
| 101 | 0 | |a rus | |
| 102 | |a RU | ||
| 105 | |a y z 000ay | ||
| 200 | 1 | |a Завтра была война |e роман, повести, рассказ |f Б. Л. Васильев | |
| 210 | |a Москва |c АСТ-Пресс |d 1994 | ||
| 215 | |a 477 с. | ||
| 225 | 1 | |a Новая русская классика | |
| 464 | |t И был вечер, и было утро |o роман | ||
| 464 | |t Встречный бой | ||
| 464 | |t Неопалимая купина | ||
| 464 | |t Завтра была война | ||
| 464 | |t Жила-была Клавочка |o повести | ||
| 464 | |t Вы чье, старичье? |o рассказ | ||
| 606 | 1 | |a Русская литература современная |2 stltpush |3 (RuTPU)RU\TPU\subj\26373 |9 50316 | |
| 610 | 1 | |a советская литература | |
| 610 | 1 | |a Великая Отечественная война 1941-1945 | |
| 610 | 1 | |a классика | |
| 610 | 1 | |a романы | |
| 610 | 1 | |a повести | |
| 610 | 1 | |a рассказы | |
| 610 | 1 | |a проза | |
| 675 | |a Р2 |v 3 | ||
| 700 | 1 | |a Васильев |b Б. Л. |c российский писатель |f 1924-2013 |g Борис Львович |2 stltpush |3 (RuTPU)RU\TPU\pers\14233 |9 4689 | |
| 801 | 0 | |a RU |b 63413507 |c 19950417 |g psbo | |
| 801 | 1 | |a RU |b 63413507 |c 20070402 |g PSBO | |
| 801 | 2 | |a RU |b 63413507 |c 20221006 |g PSBO | |
| 942 | |c BK | ||